000 00638nam a2200181Ia 4500
008 100921s9999 xx 000 0 und d
082 _b42420
_a891.463 न 08
100 _aकर्दम जयप्रकाश,अनु,नवले संजय.
245 _aछप्पर.
260 _bमधुराज प्रकाशन,पुणे.
_c2008
300 _a138
_bकलाभारती वितरण,पुणे
365 _b150
520 _aललित-कादंबरी.
630 _aछप्पर.
650 _aललित-कादंबरी.
730 _aछप्पर.
942 _cBOOK
999 _c791533
_d791530